00625nam a2200157Ia 4500008004100000040001800041041000800059111005800067245010200125260008000227300005000307504002700357650002500384650004200409650001600451130821s1998 ck a gr spa  aCo-BoUCMbspa00aspa1 aPrograma Agua Potable y Saneamiento Costa Pacífica.10aEvaluación de impacto en el área socialcPrograma Agua Potable y Saneamiento Costa Pacífica aBogotá (Colombia)bUniversidad Externado de Colombiac[fecha desconocida] a124 páginasbilustraciones, tablas, cuadros aIncluye bibliografía04aBeneficios comunidad04aOrganización socialxSostenibilidad04aSaneamiento